|
|
|
|
| LEADER |
00000cam a2200000 c 4500 |
| 001 |
141060514 |
| 003 |
DE-627 |
| 005 |
20251222202009.0 |
| 007 |
tu |
| 008 |
940309s1971 gw ||||| 00| ||ger c |
| 015 |
|
|
|a 73,A38,0061
|2 dnb
|
| 016 |
7 |
|
|a 730296261
|2 DE-101
|
| 020 |
|
|
|a 347161642X
|9 3-471-61642-X
|
| 035 |
|
|
|a (DE-627)141060514
|
| 035 |
|
|
|a (DE-576)023954736
|
| 035 |
|
|
|a (DE-599)GBV141060514
|
| 035 |
|
|
|a (OCoLC)15785107
|
| 035 |
|
|
|a (OCoLC)264147503
|
| 035 |
|
|
|a (OCoLC)15785107
|
| 035 |
|
|
|a (DE-604)8020010028
|
| 040 |
|
|
|a DE-627
|b ger
|c DE-627
|e rakwb
|
| 041 |
|
|
|a ger
|h eng
|
| 044 |
|
|
|c XA-DE
|
| 082 |
0 |
|
|a 193
|q OCLC
|
| 084 |
|
|
|a 03a
|2 sdnb
|
| 084 |
|
|
|a 1
|2 ssgn
|
| 084 |
|
|
|a CI 5017
|2 rvk
|0 (DE-625)rvk/18463:11616
|
| 084 |
|
|
|a BF 7371
|2 rvk
|0 (DE-625)rvk/11158:11597
|
| 084 |
|
|
|a 08.25
|2 bkl
|
| 100 |
1 |
|
|0 (DE-627)1230907475
|0 (DE-576)160907470
|4 aut
|a Fann, Kuang Tih
|
| 109 |
|
|
|a Fann, Kuang Tih
|a Fann, K. T.
|
| 240 |
1 |
0 |
|a Wittgenstein's conception of philosophy <dt.>
|
| 245 |
1 |
4 |
|a Die Philosophie Ludwig Wittgensteins
|c K. T. Fann. [Aus d. Engl. von Gisela Shaw]
|
| 250 |
|
|
|a Dt. Erstausg
|
| 264 |
|
1 |
|a München
|b List
|c 1971
|
| 300 |
|
|
|a 167 S.
|
| 336 |
|
|
|a Text
|b txt
|2 rdacontent
|
| 337 |
|
|
|a ohne Hilfsmittel zu benutzen
|b n
|2 rdamedia
|
| 338 |
|
|
|a Band
|b nc
|2 rdacarrier
|
| 490 |
1 |
|
|a List-Taschenbücher der Wissenschaft
|v 1642
|a Philosophie
|
| 500 |
|
|
|a Bibliogr. L. Wittgenstein S. 117 - 167
|
| 583 |
1 |
|
|a Archivierung/Langzeitarchivierung gewährleistet
|f SSG
|x XA-DE-BW
|2 pdager
|5 DE-21
|
| 653 |
|
0 |
|a Wittgenstein, Ludwig, 1889-1951
|
| 689 |
0 |
0 |
|d p
|0 (DE-588)118634313
|0 (DE-627)135609127
|0 (DE-576)209165634
|2 gnd
|a Wittgenstein, Ludwig
|d 1889-1951
|
| 689 |
0 |
1 |
|d s
|0 (DE-588)4045791-6
|0 (DE-627)106200259
|0 (DE-576)209066873
|2 gnd
|a Philosophie
|
| 689 |
0 |
|
|5 (DE-627)
|
| 700 |
1 |
|
|0 (DE-588)1038066212
|0 (DE-627)756628229
|0 (DE-576)163055742
|4 oth
|a Shaw, Gisela
|
| 700 |
1 |
2 |
|a Fann, Kuang Tih
|t Wittgenstein's conception of philosophy <dt.>
|
| 830 |
|
0 |
|a List-Taschenbücher der Wissenschaft
|v 1642 : Philosophie
|9 1642
|w (DE-627)12966393X
|w (DE-576)028411897
|w (DE-600)255226-7
|x 2942-9838
|7 am
|
| 889 |
|
|
|w (DE-627)053267052
|
| 889 |
|
|
|w (DE-627)227701550
|
| 935 |
|
|
|a mteo
|
| 935 |
|
|
|i Blocktest
|
| 936 |
r |
v |
|a CI 5017
|b Abhandlungen, Studien
|k Philosophie
|k Geschichte der Philosophie
|k Geschichte der Philosophie des Abendlandes von Antike bis 20. Jahrhundert
|k Philosophie des 20. Jahrhunderts
|k Deutschland und deutschsprachige Länder
|k Autoren
|k Autoren W
|k Wittgenstein, Ludwig
|k Abhandlungen, Studien
|0 (DE-627)1270704265
|0 (DE-625)rvk/18463:11616
|0 (DE-576)200704265
|
| 936 |
r |
v |
|a BF 7371
|b Sekundärliteratur
|k Theologie und Religionswissenschaften
|k Philosophie
|k Quellen zur Philosophiegeschichte
|k Neueste Zeit (ab ca. 1850)
|k Autoren W
|k Wittgenstein, Ludwig
|k Sekundärliteratur
|0 (DE-627)1271515830
|0 (DE-625)rvk/11158:11597
|0 (DE-576)201515830
|
| 936 |
b |
k |
|a 08.25
|j Zeitgenössische westliche Philosophie
|0 (DE-627)106403672
|
| 951 |
|
|
|a BO
|
| ELC |
|
|
|b 1
|
| ITA |
|
|
|a 1
|t 1
|
| LOK |
|
|
|0 000 xxxxxcx a22 zn 4500
|
| LOK |
|
|
|0 001 3354192836
|
| LOK |
|
|
|0 003 DE-627
|
| LOK |
|
|
|0 004 141060514
|
| LOK |
|
|
|0 005 20020413000000
|
| LOK |
|
|
|0 008 980828||||||||||||||||ger|||||||
|
| LOK |
|
|
|0 040
|a DE-21
|c DE-627
|d DE-21
|
| LOK |
|
|
|0 852
|a DE-21
|
| LOK |
|
|
|0 852 1
|c 12 A 680
|9 00
|
| LOK |
|
|
|0 935
|a kram
|a konv
|
| LOK |
|
|
|0 939
|a 28-08-98
|b l01
|
| LOK |
|
|
|0 000 xxxxxcx a22 zn 4500
|
| LOK |
|
|
|0 001 3354192852
|
| LOK |
|
|
|0 003 DE-627
|
| LOK |
|
|
|0 004 141060514
|
| LOK |
|
|
|0 005 20100408144456
|
| LOK |
|
|
|0 008 950306||||||||||||||||ger|||||||
|
| LOK |
|
|
|0 040
|a DE-21-35
|c DE-627
|d DE-21-35
|
| LOK |
|
|
|0 541
|e 1975/50485
|
| LOK |
|
|
|0 852
|a DE-21-35
|
| LOK |
|
|
|0 852 1
|c Ep 495.209A
|m p
|9 00
|
| LOK |
|
|
|0 938
|k p
|
| LOK |
|
|
|0 939
|a 06-03-95
|b l01
|
| ORI |
|
|
|a SA-MARC-ixtheoa001.raw
|
| REL |
|
|
|a 1
|
| STA |
0 |
0 |
|a Philosophy,Philosophy in literature
|
| STB |
0 |
0 |
|a Philosophie,Philosophie
|
| STC |
0 |
0 |
|a Filosofía,Filosofía
|
| STD |
0 |
0 |
|a Filosofia,Filosofia
|
| STE |
0 |
0 |
|a 哲学
|
| STF |
0 |
0 |
|a 哲學
|
| STG |
0 |
0 |
|a Filosofia,Filosofia
|
| STH |
0 |
0 |
|a Философия (мотив),Философия
|
| STI |
0 |
0 |
|a Φιλοσοφία (μοτίβο),Φιλοσοφία
|
| SUB |
|
|
|a REL
|
| SYG |
0 |
0 |
|a Wittgenstein, Ludwig Josef Johann,1889-1951,Wittgenstein, Ludwig J.,1889-1951,Wittgenstein, Ludovicus,1889-1951,Wittgenstein, Ludvig,1889-1951,Wittgenstein, L.,1889-1951,Wittgenstein,1889-1951,Wîtgenšṭain, Lûdwig,1889-1951,Witgenšṭeyn, Lûdwîg,1889-1951,Wītginšitāyn, Lūdwīg,1889-1951,Vitgenšteins, Ludvigs,1889-1951,Vitgenštajn, Ljudvig,1889-1951,Vitgenštajn, Ludvig,1889-1951,Vitgenšteinas, Liudvigas,1889-1951,Vitgenštejn, Ljudvig,1889-1951,Vitogenshutain, Rūtovihi,1889-1951,Uitogenshutain, Rūtovihi,1889-1951,Uitogenshutain,1889-1951,Vitogenshutain,1889-1951,Bittnkenstaïn, Luntbich,1889-1951,Fitǧinštaīn, Lūdfīǧ,1889-1951,Witgjenshtjejn, Ljudwig,1889-1951,Vitgenštejn, Ljudvig,1889-1951,Bi teu gen syu ta in,1889-1951 , Philosophy,Philosophieren
|